[Event "Puerto Lopez op"]
[Site "Puerto Lopez"]
[Date "2022.05.08"]
[Round "4"]
[White "Castro Mendoza, Jhonier Andres"]
[Black "Pardo, Alejandro"]
[Result "0-1"]
[WhiteElo "1715"]
[BlackElo "2153"]
[PlyCount "54"]
[EventDate "2022.05.07"]
[EventType "swiss"]
[EventRounds "6"]
[EventCountry "COL"]
[SourceTitle "CBM 208 Extra"]
[Source "ChessBase"]
[SourceDate "2022.07.31"]
[SourceVersion "1"]
[SourceVersionDate "2022.07.31"]
[SourceQuality "1"]

1. c4 Nf6 2. g3 c6 3. Bg2 d5 4. Qc2 Bg4 5. Nf3 Nbd7 6. 0-0 e5 7. d3 Bd6 8. a3 0-0 9. b4 Re8 10. Bb2 e4 11. Nd4 a5 12. h3 Bh5 13. c5 Bb8 14. dxe4 Nxe4 15. Nd2 Ndf6 16. Nxe4 Nxe4 17. Nf5 Nf6 18. g4 Bg6 19. Rad1 axb4 20. axb4 Bxf5 21. Qxf5 Rxe2 22. Bxf6 gxf6 23. Be4 Qc7 24. Qxh7+ Kf8 25. Qh8+ Ke7 26. Rfe1 Qh2+ 27. Kf1 Rxf2# 0-1

[Event "COL Subzt 2.3.4"]
[Site "Risarald"]
[Date "2021.11.24"]
[Round "2"]
[White "Jaramillo, Carlos Orlando"]
[Black "Pardo, Alejandro"]
[Result "1-0"]
[WhiteElo "1900"]
[BlackElo "2148"]
[PlyCount "102"]
[EventDate "2021.11.23"]
[EventType "swiss"]
[EventRounds "9"]
[EventCountry "COL"]
[SourceTitle "CBM 205 Extra"]
[Source "ChessBase"]
[SourceDate "2022.01.31"]
[SourceVersion "1"]
[SourceVersionDate "2022.01.31"]
[SourceQuality "1"]

1. e3 Nf6 2. c4 c6 3. Nc3 d5 4. Nf3 e6 5. d4 Nbd7 6. Bd3 dxc4 7. Bxc4 b5 8. Bd3 a6 9. 0-0 Bb7 10. a3 c5 11. dxc5 Bxf3 12. gxf3 Bxc5 13. Ne4 Rc8 14. b4 Nxe4 15. Bxe4 Qg5+ 16. Kh1 Qe5 17. bxc5 Qxa1 18. c6 Nf6 19. Qd6 Qa2 20. Rd1 Qxf2 21. Bd2 Rd8 22. Qxd8+ Kxd8 23. Be1+ Kc7 24. Bxf2 Nxe4 25. fxe4 Kxc6 26. Kg2 e5 27. Be1 Re8 28. Bb4 Re6 29. Rf1 Rg6+ 30. Kf3 Kb6 31. Rd1 a5 32. Rd6+ Rxd6 33. Bxd6 g6 34. Ke2 g5 35. Kd3 g4 36. Bxe5 h5 37. Bf6 Kc5 38. Be7+ Kc6 39. Kd4 Kd7 40. Bh4 Ke6 41. Be1 b4 42. axb4 axb4 43. Bxb4 h4 44. Be1 g3 45. h3 f6 46. Kd3 Ke5 47. Bc3+ Ke6 48. Ke2 Kf7 49. Kf3 Ke6 50. Ba5 Ke5 51. Bc7+ Ke6 1-0

[Event "COL-ch Blitz"]
[Site "Villavicencio"]
[Date "2021.11.15"]
[Round "1"]
[White "Loaiza Cuervo, Santiago"]
[Black "Pardo, Alejandro"]
[Result "0-1"]
[WhiteElo "1703"]
[BlackElo "2327"]
[PlyCount "72"]
[EventDate "2021.11.15"]
[EventType "swiss (blitz)"]
[EventRounds "13"]
[EventCountry "COL"]
[SourceTitle "CBM 205 Extra"]
[Source "ChessBase"]
[SourceDate "2022.01.31"]
[SourceVersion "1"]
[SourceVersionDate "2022.01.31"]
[SourceQuality "1"]

1. e4 c5 2. Nf3 d6 3. d4 cxd4 4. Nxd4 Nf6 5. Nc3 a6 6. Bg5 e6 7. f4 Nbd7 8. Qf3 Be7 9. 0-0-0 h6 10. Bh4 g5 11. fxg5 Ne5 12. gxf6 Nxf3 13. fxe7 Qa5 14. gxf3 Qe5 15. Kb1 Bd7 16. Nf5 f6 17. f4 Qa5 18. Nxd6+ Kxe7 19. e5 Rhg8 20. Bxf6+ Kf8 21. Bd3 Bc6 22. Rhg1 Qc5 23. Ne2 Qf2 24. Ng3 Qxh2 25. Ne2 Bf3 26. Rxg8+ Kxg8 27. Rg1+ Kf8 28. Bh7 Bg2 29. a3 b5 30. Bd3 Ra7 31. Nc3 Qxg1+ 32. Ka2 h5 33. f5 exf5 34. Bxf5 Qf2 35. e6 Bc6 36. Bd4 Qxd4 0-1

[Event "COL-ch Blitz"]
[Site "Villavicencio"]
[Date "2021.11.15"]
[Round "11"]
[White "Pardo, Alejandro"]
[Black "Dominguez Rincon, Miller Duvan"]
[Result "0-1"]
[WhiteElo "2327"]
[BlackElo "2020"]
[PlyCount "76"]
[EventDate "2021.11.15"]
[EventType "swiss (blitz)"]
[EventRounds "13"]
[EventCountry "COL"]
[SourceTitle "CBM 205 Extra"]
[Source "ChessBase"]
[SourceDate "2022.01.31"]
[SourceVersion "1"]
[SourceVersionDate "2022.01.31"]
[SourceQuality "1"]

1. d4 d5 2. Nf3 Nf6 3. e3 e6 4. Bd3 c5 5. b3 Nc6 6. 0-0 b6 7. Bb2 Be7 8. Nbd2 0-0 9. a3 Bb7 10. Ne5 Nxe5 11. dxe5 Ne4 12. Nxe4 dxe4 13. Be2 a6 14. a4 Qc7 15. Bc4 Rfd8 16. Qe2 Qc6 17. Rfd1 Rdb8 18. Qg4 b5 19. Rd6 Qe8 20. Be2 Bd5 21. Bc3 Qf8 22. Rd7 Bc6 23. Rdd1 bxa4 24. bxa4 a5 25. Bc4 Rd8 26. h3 Qe8 27. Rxd8 Bxd8 28. Qe2 Bxa4 29. Qe1 Bb5 30. Bxb5 Qxb5 31. Qd2 a4 32. Qd6 h6 33. Be1 a3 34. Bc3 a2 35. Qd1 Qc4 36. Qe1 Rb8 37. Bd2 Qxc2 38. Qc1 Rb1 0-1

[Event "COL-ch Rapid"]
[Site "Villavicencio"]
[Date "2021.11.14"]
[Round "8"]
[White "Pardo, Alejandro"]
[Black "Sanchez, Sebastian Felipe"]
[Result "0-1"]
[WhiteElo "2259"]
[BlackElo "2412"]
[PlyCount "80"]
[EventDate "2021.11.13"]
[EventType "swiss (rapid)"]
[EventRounds "9"]
[EventCountry "COL"]
[SourceTitle "CBM 205 Extra"]
[Source "ChessBase"]
[SourceDate "2022.01.31"]
[SourceVersion "1"]
[SourceVersionDate "2022.01.31"]
[SourceQuality "1"]

1. d4 Nf6 2. Nf3 d5 3. g3 e6 4. Bg2 b6 5. 0-0 Bb7 6. b3 a5 7. a3 Nbd7 8. Bb2 a4 9. Nbd2 axb3 10. c4 Be7 11. Qxb3 0-0 12. Rfc1 Ra7 13. Qc2 Qa8 14. Ne5 Nxe5 15. dxe5 Nd7 16. cxd5 Bxd5 17. e4 Bb7 18. Qxc7 Bc5 19. Qxd7 Rd8 20. Qb5 Rxd2 21. Rxc5 bxc5 22. Bc3 Rd8 23. Qxc5 Rc8 24. Qb4 Ra4 25. Qb3 Rac4 26. Bd2 Bxe4 27. Bf1 R4c5 28. a4 Rb8 29. Qa3 Rc2 30. Be3 Bd5 31. a5 Rb3 32. Qa4 Qc6 33. Qh4 h6 34. a6 Qc3 35. Rd1 Qxe5 36. Qd8+ Kh7 37. a7 Ra2 38. Qf8 Rxe3 39. Rxd5 Qxd5 40. fxe3 Qd2 0-1

[Event "Puerto Lopez op"]
[Site "Puerto Lopez"]
[Date "2021.08.01"]
[Round "4"]
[White "Castro Mendoza, Jhonier Andres"]
[Black "Pardo, Alejandro"]
[Result "0-1"]
[WhiteElo "1649"]
[BlackElo "2148"]
[PlyCount "54"]
[EventDate "2021.07.31"]
[EventType "swiss"]
[EventRounds "6"]
[EventCountry "COL"]
[SourceTitle "EXT 2022"]
[Source "ChessBase"]
[SourceDate "2021.10.06"]
[SourceVersion "1"]
[SourceVersionDate "2021.10.06"]
[SourceQuality "1"]

1. c4 Nf6 2. g3 c6 3. Bg2 d5 4. Nf3 Bg4 5. 0-0 Nbd7 6. b3 e5 7. d3 Bd6 8. Bb2 0-0 9. Nbd2 Qe7 10. h3 Bh5 11. Re1 e4 12. dxe4 dxe4 13. Nd4 e3 14. fxe3 Qxe3+ 15. Kh1 Qxg3 16. Nf1 Qg6 17. Ne6 Ne4 18. Nxf8 Rxf8 19. Bd4 Ndf6 20. Qb1 Re8 21. c5 Be5 22. Bxe5 Rxe5 23. a4 Rg5 24. Ne3 Rg3 25. Qc1 Nd5 26. Rg1 Nxe3 27. Qe1 Rxg2 0-1

[Event "Puerto Lopez op"]
[Site "Puerto Lopez"]
[Date "2021.08.01"]
[Round "5"]
[White "Palencia Morales, Wilson Guillermo"]
[Black "Pardo, Alejandro"]
[Result "1/2-1/2"]
[WhiteElo "2362"]
[BlackElo "2148"]
[PlyCount "80"]
[EventDate "2021.07.31"]
[EventType "swiss"]
[EventRounds "6"]
[EventCountry "COL"]
[SourceTitle "EXT 2022"]
[Source "ChessBase"]
[SourceDate "2021.10.06"]
[SourceVersion "1"]
[SourceVersionDate "2021.10.06"]
[SourceQuality "1"]

1. d4 Nf6 2. Nf3 g6 3. Nc3 Bg7 4. e4 0-0 5. Bg5 c5 6. d5 d6 7. Nd2 Bd7 8. a4 Na6 9. Bc4 Nb4 10. 0-0 a6 11. Re1 b5 12. axb5 axb5 13. Rxa8 Qxa8 14. Nxb5 Rb8 15. Nc3 h6 16. Bh4 g5 17. Bg3 Ng4 18. Nf3 Na6 19. Qd3 Nb4 20. Qe2 Qa5 21. h3 Ne5 22. Nxe5 dxe5 23. f3 Rb6 24. Bf2 Na6 25. Nd1 Nc7 26. c3 Ne8 27. b4 cxb4 28. Bxb6 Qxb6+ 29. Qe3 Qa5 30. cxb4 Qxb4 31. Bf1 e6 32. Nc3 Bf8 33. Rb1 Qa5 34. Kh1 Bc5 35. Qd3 Nf6 36. dxe6 Bxe6 37. Rb5 Qa7 38. Qd8+ Kg7 39. Qa5 Qxa5 40. Rxa5 Bb4 1/2-1/2

[Event "COL-chT rapid"]
[Site "Cartagena"]
[Date "2019.11.29"]
[Round "7.1"]
[White "Florez, Luis Angel"]
[Black "Pardo, Alejandro"]
[Result "0-1"]
[WhiteElo "2108"]
[BlackElo "2270"]
[PlyCount "197"]
[EventDate "2019.11.29"]
[EventType "team-swiss"]
[EventRounds "7"]
[EventCountry "COL"]
[SourceTitle "CBM 193 Extra"]
[Source "ChessBase"]
[SourceDate "2020.01.31"]
[SourceVersion "1"]
[SourceVersionDate "2020.01.31"]
[SourceQuality "1"]
[WhiteTeam "Cauca"]
[BlackTeam "Meta"]
[WhiteTeamCountry "COL"]
[BlackTeamCountry "COL"]

1. d4 d5 2. c4 c6 3. cxd5 cxd5 4. Bf4 Qb6 5. Nc3 Nf6 6. Qc2 Nc6 7. e3 a6 8. a3 Bg4 9. Bd3 e6 10. Nge2 Be7 11. 0-0 0-0 12. Na4 Qa7 13. f3 Bh5 14. Qb3 b5 15. Nac3 Bg6 16. Qd1 Nh5 17. Bxg6 hxg6 18. b4 Nxf4 19. Nxf4 Bf6 20. Rc1 Rfc8 21. Nce2 a5 22. Nd3 axb4 23. axb4 Be7 24. Qb3 Qa4 25. Rb1 Qxb3 26. Rxb3 Rcb8 27. Rc1 Rb6 28. Nc5 Nd8 29. Nf4 Bg5 30. g3 Bxf4 31. gxf4 Nb7 32. Nxb7 Rxb7 33. Rc5 Ra2 34. e4 dxe4 35. fxe4 Kf8 36. d5 exd5 37. exd5 Ke7 38. Rd3 Rb2 39. d6+ Kd8 40. Rd4 Ra7 41. Rc1 Raa2 42. d7 Rg2+ 43. Kf1 Raf2+ 44. Ke1 Rc2 45. Kf1 Rxh2 46. Kg1 Rxc1+ 47. Kxh2 Rc4 48. Rd5 Rxf4 49. Rxb5 Kxd7 50. Kg3 Rf5 51. Rb7+ Kc6 52. Rb8 Rb5 53. Rf8 Rb7 54. Rg8 Kb5 55. Rxg7 Kxb4 56. Rg8 Kc5 57. Rd8 Kc6 58. Kf4 Rd7 59. Re8 Kd6 60. Kg5 Re7 61. Rd8+ Ke6 62. Rd2 Re8 63. Re2+ Kd7 64. Rd2+ Ke7 65. Ra2 Rd8 66. Kh6 Rd7 67. Ra6 Rd6 68. Ra2 Rd7 69. Ra6 Rd1 70. Ra7+ Ke6 71. Ra6+ Rd6 72. Ra2 Rd5 73. Ra6+ Kf5 74. Kg7 g5 75. Kh6 g4 76. Kh5 Kf4+ 77. Kh4 f5 78. Ra4+ Kf3 79. Ra3+ Kf2 80. Ra2+ Ke1 81. Ra1+ Ke2 82. Ra2+ Ke3 83. Kg3 Rd1 84. Ra3+ Rd3 85. Ra4 Ke2+ 86. Kg2 Ke3 87. Kg3 Rd4 88. Ra5 Ke4 89. Kh4 Kf4 90. Ra3 Re4 91. Ra5 Re3 92. Ra4+ Kf3 93. Ra1 Re2 94. Ra3+ Kg2 95. Rb3 Kh2 96. Rc3 g3 97. Rf3 Re4+ 98. Kh5 g2 99. Rd3 0-1

[Event "COL-chT rapid"]
[Site "Cartagena"]
[Date "2019.11.29"]
[Round "1.1"]
[White "Ruiz Castillo, Joshua Daniel"]
[Black "Pardo, Alejandro"]
[Result "1/2-1/2"]
[WhiteElo "2463"]
[BlackElo "2270"]
[PlyCount "103"]
[EventDate "2019.11.29"]
[EventType "team-swiss"]
[EventRounds "7"]
[EventCountry "COL"]
[SourceTitle "CBM 193 Extra"]
[Source "ChessBase"]
[SourceDate "2020.01.31"]
[SourceVersion "1"]
[SourceVersionDate "2020.01.31"]
[SourceQuality "1"]
[WhiteTeam "Bogota"]
[BlackTeam "Meta"]
[WhiteTeamCountry "COL"]
[BlackTeamCountry "COL"]

1. Nf3 d5 2. g3 Nf6 3. Bg2 b5 4. 0-0 e6 5. b3 Be7 6. c4 c6 7. d4 Nbd7 8. Ba3 b4 9. Bb2 a5 10. c5 0-0 11. Nbd2 Ba6 12. Re1 Qc7 13. a3 Bb5 14. Qc2 h6 15. h3 Rfe8 16. Nh2 e5 17. e4 dxe4 18. Nxe4 Nxe4 19. Bxe4 exd4 20. Bxd4 Bf6 21. Bxf6 Nxf6 22. axb4 Nxe4 23. Rxe4 axb4 24. Rxa8 Rxa8 25. Nf3 Qd7 26. Kh2 Qd5 27. Nd4 Bf1 28. g4 g6 29. Kg3 Rf8 30. f3 h5 31. Qb1 Ba6 32. Qc2 hxg4 33. hxg4 Kg7 34. Qb2 Kg8 35. Re7 Bc8 36. Re4 Qxc5 37. Nc2 Qg1+ 38. Kf4 Qh2+ 39. Ke3 Rd8 40. Qc1 c5 41. Ne1 Bb7 42. Re7 Ba6 43. Re4 g5 44. Qc2 Rd3+ 45. Qxd3 Bxd3 46. Nxd3 f6 47. Rc4 Qg1+ 48. Ke2 Qh2+ 49. Ke3 Qg1+ 50. Ke2 Qh2+ 51. Ke3 Qg1+ 52. Ke2 1/2-1/2

[Event "COL-chT"]
[Site "Cartagena"]
[Date "2019.11.27"]
[Round "6.2"]
[White "Navia Alvarez, Edwin Adrian"]
[Black "Pardo, Alejandro"]
[Result "0-1"]
[WhiteElo "2069"]
[BlackElo "2145"]
[PlyCount "84"]
[EventDate "2019.11.24"]
[EventType "team-swiss"]
[EventRounds "7"]
[EventCountry "COL"]
[SourceTitle "CBM 193 Extra"]
[Source "ChessBase"]
[SourceDate "2020.01.31"]
[SourceVersion "1"]
[SourceVersionDate "2020.01.31"]
[SourceQuality "1"]
[WhiteTeam "Cauca"]
[BlackTeam "Meta"]
[WhiteTeamCountry "COL"]
[BlackTeamCountry "COL"]

1. e4 c5 2. Nf3 e6 3. d4 cxd4 4. Nxd4 a6 5. Bd3 Nf6 6. 0-0 d6 7. c4 Be7 8. Nc3 Nbd7 9. Be3 Nc5 10. Bc2 Qc7 11. Qe2 b6 12. Rac1 Bb7 13. f3 0-0 14. Rfd1 Rac8 15. Qf2 Qb8 16. b4 Ncd7 17. Bb3 Rfe8 18. a3 Ba8 19. Kh1 Kh8 20. Nde2 Rc7 21. Na4 Rc6 22. Nd4 Rcc8 23. Ne2 Bd8 24. Bf4 Bc7 25. Qh4 d5 26. cxd5 exd5 27. Bxc7 Rxc7 28. Nf4 Rxc1 29. Rxc1 Qe5 30. Nxd5 Nxd5 31. Bxd5 Bxd5 32. exd5 Qxd5 33. h3 h6 34. Nc3 Qb3 35. Nb1 Qe3 36. Rd1 Nf6 37. Qc4 Qf2 38. Qf1 Qh4 39. Nc3 Nh5 40. Kg1 Re3 41. Nb1 Nf4 42. Qxa6 Nxh3+ 0-1

[Event "COL-ch sf1"]
[Site "Medellin"]
[Date "2019.04.18"]
[Round "5"]
[White "Pardo, Alejandro"]
[Black "Herrera, Juan Sebastian"]
[Result "0-1"]
[WhiteElo "2140"]
[BlackElo "2336"]
[PlyCount "95"]
[EventDate "2019.04.16"]
[EventType "swiss"]
[EventRounds "10"]
[EventCountry "COL"]
[SourceTitle "CBM 190 Extra"]
[Source "ChessBase"]
[SourceDate "2019.07.15"]
[SourceVersion "1"]
[SourceVersionDate "2019.07.15"]
[SourceQuality "1"]

1. d4 Nf6 2. Nf3 e6 3. g3 c5 4. Bg2 cxd4 5. 0-0 Be7 6. Nxd4 0-0 7. c4 a6 8. Nc3 Qc7 9. Qd3 Nc6 10. b3 Rb8 11. Bb2 b5 12. cxb5 Nxd4 13. Qxd4 axb5 14. Rfc1 Qa5 15. Ne4 Bb7 16. Nc5 Bxg2 17. Kxg2 Rfd8 18. b4 Qa8+ 19. Kg1 Qd5 20. a3 Qh5 21. f3 Qg6 22. Nd3 Nd5 23. Ne5 Qf6 24. e4 Nb6 25. Rab1 Rb7 26. Qd3 Na4 27. Ba1 h5 28. Rc2 Qh6 29. Rbc1 f6 30. Rc7 fxe5 31. Bxe5 Rxc7 32. Rxc7 Nb6 33. Bf4 Bg5 34. Qxb5 Bxf4 35. gxf4 Rb8 36. Qe5 Rf8 37. Rb7 Rxf4 38. Rxb6 Rxf3 39. Rb8+ Kh7 40. Kg2 Rxa3 41. Rf8 Qg6+ 42. Kf1 Qg4 43. Rf7 Qd1+ 44. Kg2 Qe2+ 45. Rf2 Qg4+ 46. Kf1 Rd3 47. Rf7 Rd1+ 48. Kf2 0-1

[Event "COL-ch U2300"]
[Site "Pereira"]
[Date "2019.03.25"]
[Round "8"]
[White "Lozano Ramirez, Nestor Favian"]
[Black "Pardo, Alejandro"]
[Result "0-1"]
[WhiteElo "2187"]
[BlackElo "2140"]
[PlyCount "74"]
[EventDate "2019.03.21"]
[EventType "swiss"]
[EventRounds "9"]
[EventCountry "COL"]
[SourceTitle "CBM 189 Extra"]
[Source "ChessBase"]
[SourceDate "2019.06.03"]
[SourceVersion "1"]
[SourceVersionDate "2019.06.03"]
[SourceQuality "1"]

1. c4 c5 2. g3 g6 3. Bg2 Bg7 4. Nc3 Nc6 5. Nf3 Nf6 6. d4 cxd4 7. Nxd4 0-0 8. 0-0 Qb6 9. Nc2 d6 10. b3 Qa5 11. Bd2 Qh5 12. e4 Bg4 13. f3 Bd7 14. Qe2 Qa5 15. Kh1 Rfc8 16. Nd5 Qd8 17. Rae1 e6 18. Nde3 a6 19. Bc3 b5 20. Rd1 Qc7 21. Qd2 bxc4 22. Nxc4 d5 23. exd5 Nxd5 24. Bxg7 Kxg7 25. f4 Nce7 26. N2e3 Bc6 27. Ng4 h5 28. Qb2+ f6 29. Nf2 Bb5 30. Ne4 Bxc4 31. bxc4 Qxc4 32. Ng5 Rab8 33. Qa1 Nc3 34. Rd7 Kf8 35. Nh7+ Kf7 36. Qe1 Rb1 37. Qxb1 Nxb1 0-1